| 000 | 00796nam a2200229 i 4500 | ||
|---|---|---|---|
| 001 | 170115 | ||
| 003 | ES-MaACL | ||
| 005 | 20230906214306.0 | ||
| 008 | 090202s1994 fr |||| | fre d | ||
| 020 | _a2-221-05918-2 | ||
| 080 | _a802/809(4)(091) | ||
| 100 | 1 |
_aWalter, Henriette. _9139333 |
|
| 245 | 1 | 2 |
_aL'aventure des langues en Occident _b: leur origine, leur histoire, leur géographie / _cHenriette Walter ; préface d'André Martinet. |
| 260 |
_aParis : _bRobert Laffont, _c1994. |
||
| 300 |
_a498 p. : _bmapas ; _c24 cm. |
||
| 500 | _aCronología. | ||
| 500 | _aÍndices. | ||
| 504 | _aBibliografía. | ||
| 651 | 4 |
_aEuropa- _xLenguas- _vHistoria. _98619 |
|
| 700 | 1 |
_aMartinet, André. _977704 |
|
| 852 | 4 |
_aES-MaACL _jE-12407 _9R.139424 _z. - Biblioteca Jacinto Martínez Lacalle |
|
| 999 |
_c170115 _d170115 |
||